[Event "52nd Groningen Open"]
[Site "Groningen NED"]
[Date "2014.12.30"]
[Round "9.30"]
[White "Schoppen, Casper"]
[Black "Dehn, Marcus"]
[Result "1-0"]
[WhiteElo "1927"]
[BlackElo "2169"]
[WhiteFideId "1046730"]
[BlackFideId "4667093"]
[EventDate "2014.12.21"]

1. d4 e6 2. c4 Bb4+ 3. Bd2 Bxd2+ 4. Qxd2 d6 5. Nf3 Nd7 6. Nc3 Ngf6 7. g3 b6 8.
Bg2 Bb7 9. O-O O-O 10. Qc2 Re8 11. Rfd1 a6 12. Rac1 Ra7 13. d5 e5 14. b4 Qe7 15.
Nd2 Nb8 16. Nb3 e4 17. e3 c5 18. bxc5 bxc5 19. Nd2 Bc8 20. Ndxe4 Bg4 21. Rd2
Nbd7 22. Nxf6+ Qxf6 23. h3 Bf3 24. Qa4 Re7 25. Bxf3 Qxf3 26. Qd1 Ne5 27. Rb2
Rab7 28. Rcb1 Rxb2 29. Rxb2 f5 30. Qxf3 Nxf3+ 31. Kg2 Ne5 32. Rb6 Nxc4 33. Rxa6
Rb7 34. e4 Rb2 35. exf5 Rd2 36. f6 Rd4 37. fxg7 Kxg7 38. Ra7+ Kh6 39. Re7 Rd3
40. Ne4 Rxd5 41. Rxh7+ Kg6 42. Re7 Nd2 43. Nc3 Rd4 44. Nb5 Kf6 45. Nxd4 Kxe7 46.
Nb3 Nb1 47. Kf3 Ke6 48. Ke3 Nc3 49. a3 Na4 50. h4 d5 51. h5 c4 52. Nd4+ Kf6 53.
g4 Kg5 54. f4+ Kh6 55. Nf5+ Kh7 56. g5 Nb2 57. g6+ Kh8 58. h6 Nd1+ 59. Kd4 Nc3
60. Ne7 1-0

[Event "52nd Groningen Open"]
[Site "Groningen NED"]
[Date "2014.12.30"]
[Round "9.31"]
[White "Burcu, Cagatay"]
[Black "De Groot, Hendrik"]
[Result "1/2-1/2"]
[WhiteElo "2149"]
[BlackElo "2097"]
[WhiteFideId "6310630"]
[BlackFideId "1037021"]
[EventDate "2014.12.21"]

1. d4 d6 2. e4 Nf6 3. Nc3 g6 4. Nf3 Bg7 5. Be2 O-O 6. O-O c6 7. h3 Qc7 8. a4 e5
9. dxe5 dxe5 10. Bc4 b6 11. Qe2 h6 12. Be3 Re8 13. Rad1 Be6 14. Bxe6 Rxe6 15.
Qd2 h5 16. Qd8+ Qxd8 17. Rxd8+ Re8 18. Rfd1 Na6 19. Rxa8 Rxa8 20. Nxe5 Nxe4 21.
Nxc6 Bxc3 22. bxc3 Nxc3 23. Ra1 Nd5 24. a5 Nxe3 25. fxe3 Kf8 26. Nxa7 bxa5 27.
Nb5 Nb4 28. Nd4 Rc8 29. Rxa5 Nxc2 30. Kf2 Nxd4 31. exd4 Rc3 1/2-1/2

[Event "52nd Groningen Open"]
[Site "Groningen NED"]
[Date "2014.12.30"]
[Round "9.32"]
[White "Kokje, Joris"]
[Black "Offringa, Joost"]
[Result "0-1"]
[WhiteElo "1865"]
[BlackElo "2226"]
[WhiteFideId "1051024"]
[BlackFideId "1025880"]
[EventDate "2014.12.21"]

1. d4 f5 2. Nf3 Nf6 3. g3 g6 4. Bg2 Bg7 5. O-O O-O 6. b3 d6 7. Bb2 c6 8. Nbd2
Na6 9. Re1 Ne4 10. e3 Qa5 11. Nc4 Qc7 12. Nfd2 Nxd2 13. Qxd2 Bd7 14. Rad1 Rad8
15. Qa5 Bc8 16. Rd3 b6 17. Qd2 b5 18. Na5 Bd7 19. Rd1 Rc8 20. c4 b4 21. Nxc6
Bxc6 22. f3 Qb7 23. Rf1 Rce8 24. h4 Rf7 25. h5 e5 26. d5 Bd7 27. hxg6 hxg6 28.
Qc2 Nc5 29. Rd2 e4 30. fxe4 Nxe4 31. Bxe4 Rxe4 32. Rh2 Qb6 33. Bxg7 Qxe3+ 34.
Kh1 Rxg7 35. Qb2 Qxg3 36. Qf6 Qe5 37. Qd8+ Be8 38. Qg5 Rg4 0-1

[Event "52nd Groningen Open"]
[Site "Groningen NED"]
[Date "2014.12.30"]
[Round "9.33"]
[White "Beukema, Stefan"]
[Black "Stegariu, Alexandru"]
[Result "1-0"]
[WhiteTitle "FM"]
[WhiteElo "2364"]
[BlackElo "2156"]
[WhiteFideId "1024523"]
[BlackFideId "1218042"]
[EventDate "2014.12.21"]

1. e4 Nc6 2. d4 d5 3. e5 Bf5 4. c3 Qd7 5. Nd2 f6 6. Ngf3 O-O-O 7. b4 e6 8. Nb3
Bg4 9. b5 Nb8 10. h3 Bxf3 11. Qxf3 fxe5 12. dxe5 c5 13. bxc6 Nxc6 14. Bb5 Qc7
15. O-O Nxe5 16. Qe3 Kb8 17. Nd4 Bc5 18. Qg5 Bxd4 19. cxd4 Ng6 20. h4 Qe7 21. h5
Qxg5 22. Bxg5 N6e7 23. h6 gxh6 24. Bf4+ Ka8 25. Be5 Ng6 26. Bxh8 Nxh8 27. Rfe1
Ne7 28. Rxe6 Nf5 29. Re5 Nd6 30. Rxd5 1-0

[Event "52nd Groningen Open"]
[Site "Groningen NED"]
[Date "2014.12.30"]
[Round "9.34"]
[White "Schoehuijs, Erik"]
[Black "De Jong, Migchiel"]
[Result "0-1"]
[BlackTitle "IM"]
[WhiteElo "2125"]
[BlackElo "2320"]
[WhiteFideId "1004425"]
[BlackFideId "1002848"]
[EventDate "2014.12.21"]

1. d4 e6 2. c4 Bb4+ 3. Nc3 c5 4. e3 Nf6 5. Nf3 O-O 6. Bd3 cxd4 7. exd4 d5 8. O-O
dxc4 9. Bxc4 b6 10. a3 Bxc3 11. bxc3 Qc7 12. Qe2 Nbd7 13. Bb2 Bb7 14. Bd3 Nd5
15. Qc2 N7f6 16. Ng5 h6 17. Nh3 Ng4 18. g3 Rac8 19. Qe2 Qc6 20. Qe4 f5 21. Qg2
Qd7 22. f3 Nxc3 23. d5 Qxd5 24. Nf4 Qd4+ 25. Kh1 e5 26. Rad1 Ne3 27. Bxf5 Rxf5
28. Rxd4 Nxg2 29. Rd7 exf4 30. Rxb7 Ne3 31. Re1 Rb5 32. Ba1 Rb1 33. Rxg7+ Kxg7 0-1

[Event "52nd Groningen Open"]
[Site "Groningen NED"]
[Date "2014.12.30"]
[Round "9.36"]
[White "Henseler, Jorgen"]
[Black "Salov, Sergej"]
[Result "1/2-1/2"]
[BlackTitle "IM"]
[WhiteElo "2110"]
[BlackElo "2256"]
[WhiteFideId "1023233"]
[BlackFideId "4107926"]
[EventDate "2014.12.21"]

1. d4 Nf6 2. c4 e6 3. Nc3 Bb4 4. f3 O-O 5. a3 Bxc3+ 6. bxc3 Ne8 7. Nh3 b6 8. e4
Ba6 9. Bd3 Nc6 10. Qe2 Na5 1/2-1/2

[Event "52nd Groningen Open"]
[Site "Groningen NED"]
[Date "2014.12.30"]
[Round "9.37"]
[White "Maris, Ivo"]
[Black "Hummel, Paul"]
[Result "1/2-1/2"]
[WhiteElo "2232"]
[BlackElo "2049"]
[WhiteFideId "1028146"]
[BlackFideId "1021168"]
[EventDate "2014.12.21"]

1. Nf3 g6 2. e4 Bg7 3. d4 d6 4. c4 Bg4 5. Be2 Nc6 6. Be3 Bxf3 7. Bxf3 e5 8. d5
Nd4 9. Nc3 Ne7 10. O-O O-O 11. Be2 f5 12. f3 c5 13. dxc6 bxc6 14. b4 Rc8 15. Bd3
d5 16. c5 Qd7 17. Rc1 dxe4 18. fxe4 f4 19. Bf2 Rcd8 20. b5 f3 21. bxc6 Qg4 22.
Bg3 Nexc6 23. gxf3 Nxf3+ 24. Kh1 h5 25. Nd5 Bh6 26. Rb1 Rf7 27. Qe2 Ncd4 28. Qg2
Rdf8 29. Be1 Bf4 30. h3 Qxg2+ 31. Kxg2 Nxe1+ 32. Rbxe1 h4 33. Nxf4 Rxf4 34. Rxf4
Rxf4 35. Be2 Nxe2 36. Rxe2 Kf7 37. c6 Ke7 38. Rd2 Rxe4 39. Rd7+ Ke6 40. Rxa7 Rc4
41. c7 e4 42. Kf2 Rc3 43. Ke2 Kd7 44. Ra6 Kxc7 45. Rxg6 Rxh3 46. Rg4 Rh2+ 47.
Ke3 Rxa2 48. Rxh4 Ra3+ 49. Ke2 e3 50. Re4 Kc8 51. Rxe3 Rxe3+ 52. Kxe3 1/2-1/2

[Event "52nd Groningen Open"]
[Site "Groningen NED"]
[Date "2014.12.30"]
[Round "9.38"]
[White "Kampman, Tijmen"]
[Black "Gerlagh, Joris"]
[Result "1/2-1/2"]
[WhiteElo "2084"]
[BlackElo "2193"]
[WhiteFideId "1009079"]
[BlackFideId "1038834"]
[EventDate "2014.12.21"]

1. c4 Nf6 2. Nf3 g6 3. g3 Bg7 4. Bg2 d5 5. O-O dxc4 6. Na3 O-O 7. Nxc4 Nbd7 8.
d3 Nb6 9. Qb3 Nxc4 10. dxc4 c6 11. Rd1 Qb6 12. Be3 Qxb3 13. axb3 a6 14. b4 Be6
15. Rac1 Ng4 16. Bc5 Bxb2 17. Rc2 Bf6 18. h3 Ne5 19. Nxe5 Bxe5 20. Bxe7 Rfe8 21.
Bg5 f6 22. Be3 Rad8 23. Rxd8 Rxd8 24. f4 Rd1+ 25. Kf2 Bd6 26. c5 Be7 27. Rc1
Rxc1 28. Bxc1 a5 29. bxa5 Bxc5+ 30. Be3 Bb4 31. Bb6 Kf7 32. e4 Ke7 33. Bf1 Kd6
34. Kf3 c5 35. g4 Bb3 36. a6 bxa6 37. Bxa6 c4 38. Bd4 c3 39. Ke2 c2 40. Bb2 Kc5
41. Kd3 Kb6 42. Bc8 Bd6 43. Kc3 Ba4 44. Bc1 g5 45. fxg5 fxg5 46. Bxg5 Ba3 47.
Bf5 c1=Q+ 48. Bxc1 Bxc1 49. Bxh7 Kc5 50. h4 Kd6 51. g5 Ke5 52. Bf5 Bc6 1/2-1/2

[Event "52nd Groningen Open"]
[Site "Groningen NED"]
[Date "2014.12.30"]
[Round "9.39"]
[White "Heemskerk, Wim"]
[Black "Dijkstra, Arjan"]
[Result "1-0"]
[WhiteTitle "FM"]
[WhiteElo "2169"]
[BlackElo "2029"]
[WhiteFideId "1001000"]
[BlackFideId "1021389"]
[EventDate "2014.12.21"]

1. c4 Nf6 2. Nf3 e6 3. g3 d5 4. Bg2 Nbd7 5. d4 a6 6. Qc2 dxc4 7. Qxc4 b5 8. Qc6
Rb8 9. Bf4 Nd5 10. Bg5 Be7 11. Bxe7 Qxe7 12. Nc3 Bb7 13. Nxd5 Bxc6 14. Nxe7 Kxe7
15. O-O Rbc8 16. Rfc1 Bd5 17. b4 f6 18. a4 c6 19. Nd2 e5 20. dxe5 fxe5 21. axb5
Bxg2 22. Kxg2 cxb5 23. Nb3 Rxc1 24. Rxc1 Rf8 25. Rc7 Kd8 26. Ra7 Rf6 27. Ra8+
Kc7 28. Rg8 Rf7 29. Re8 Kd6 30. Rc8 Rf8 31. Rc2 Ra8 32. Na5 Ra7 33. Rc6+ Ke7 34.
e4 Nf6 35. Rc5 Kd6 36. Rc6+ Kd7 37. f3 Ne8 38. Rc5 Kd6 39. Rd5+ Ke6 40. Nb3 Nc7
41. Nc5+ Kf6 42. Rd6+ Ke7 43. Rd7+ Kf6 44. Kf2 a5 45. bxa5 b4 46. Ke2 Nb5 47.
Rxa7 Nxa7 48. Kd3 Ke7 49. Kc4 Kd6 50. Nd3 Nc6 51. a6 Kc7 52. Nxb4 Nd4 53. Kc5
Nb3+ 54. Kd5 Nd4 55. f4 Nf3 56. fxe5 Nxh2 57. Kc5 Nf3 58. Nd5+ Kc8 59. Kb6 Nxe5
60. a7 Nd7+ 61. Ka6 1-0

[Event "52nd Groningen Open"]
[Site "Groningen NED"]
[Date "2014.12.30"]
[Round "9.40"]
[White "Nguyen, Kevin"]
[Black "Den Hartog, Marijn"]
[Result "0-1"]
[WhiteElo "1986"]
[BlackElo "2150"]
[WhiteFideId "1046349"]
[BlackFideId "1046098"]
[EventDate "2014.12.21"]

1. e4 e5 2. Nf3 Nc6 3. Bb5 a6 4. Ba4 d6 5. c3 f5 6. d3 Nf6 7. Qe2 Be7 8. Nbd2
O-O 9. Nf1 Na5 10. Bc2 Kh8 11. Ne3 f4 12. Nd5 Nxd5 13. exd5 b5 14. d4 Bg4 15.
O-O Bf6 16. Qe4 g6 17. dxe5 Bxf3 18. Qxf3 Bxe5 19. b3 Qf6 20. Rb1 Nb7 21. Bd2
Nd8 22. Qd3 Nf7 23. a4 Ng5 24. f3 Kg7 25. Be1 Nf7 26. Rc1 Rfb8 27. a5 Nh6 28.
Bb1 Nf5 29. Bf2 Re8 30. Rfe1 Qg5 31. Kh1 Ne3 32. Bxe3 fxe3 33. Qxe3 Qh4 34. Qg1
Bxh2 35. Qd4+ Qxd4 36. cxd4 Rxe1+ 37. Rxe1 Bg3 38. Re7+ Kh6 39. Rxc7 Kg5 40. Kg1
Kf4 41. Kf1 Ke3 42. Be4 Rf8 43. Rc6 Rf4 44. Rc3+ Kxd4 45. Rc6 Ke3 46. Rc3+ Kd4
47. Rc6 Rh4 48. Kg1 b4 49. Rc2 Ke3 50. Ra2 g5 51. Bf5 Rd4 52. Ra1 h5 53. Bc8
Bf2+ 54. Kh2 Rh4+ 55. Bh3 g4 56. fxg4 hxg4 57. Rc1 gxh3 58. gxh3 Kf3 59. Rc6
Bg3+ 60. Kg1 Rxh3 61. Rxa6 Bf2+ 0-1

[Event "52nd Groningen Open"]
[Site "Groningen NED"]
[Date "2014.12.30"]
[Round "9.41"]
[White "Senders, Mischa"]
[Black "Ratsma, Midas"]
[Result "1/2-1/2"]
[WhiteTitle "FM"]
[WhiteElo "2380"]
[BlackElo "2137"]
[WhiteFideId "1038370"]
[BlackFideId "1032283"]
[EventDate "2014.12.21"]

1. e4 e6 2. d4 d5 3. Nd2 c5 4. exd5 Qxd5 5. dxc5 Bxc5 6. Ngf3 Nf6 7. Bc4 Qd8 8.
O-O O-O 9. Qe2 Nbd7 10. Nb3 Be7 11. Re1 Nb6 12. Bd3 Qc7 13. Ne5 Nbd5 14. a3 Nd7
15. Nxd7 Bxd7 16. Qe4 f5 17. Qe2 1/2-1/2

[Event "52nd Groningen Open"]
[Site "Groningen NED"]
[Date "2014.12.30"]
[Round "9.43"]
[White "Ratsma, Rosa"]
[Black "Sparenberg, Erik"]
[Result "1/2-1/2"]
[WhiteElo "2165"]
[BlackElo "2105"]
[WhiteFideId "1033662"]
[BlackFideId "1013262"]
[EventDate "2014.12.21"]

1. e4 e5 2. Nf3 Nc6 3. Bb5 a6 4. Ba4 Nf6 5. O-O Be7 6. Re1 b5 7. Bb3 O-O 8. c3
d6 9. d3 Na5 10. Bc2 c5 11. Nbd2 Nc6 12. Nf1 Qc7 13. Ne3 g6 14. h3 Re8 15. Bd2
Bf8 16. Nh2 Bg7 17. Nhg4 Be6 18. Qf3 Qe7 19. a4 Reb8 20. Nd5 Nxd5 21. exd5 Bxg4
22. hxg4 Na7 23. axb5 Nxb5 24. Ra2 Rb6 25. Rea1 Qb7 26. Ba4 Rf8 27. Bc1 Nc7 28.
Bc6 Qc8 29. c4 f5 30. gxf5 Rxf5 31. Qe2 Ne6 32. dxe6 Qxc6 33. Qe4 Qxe4 34. dxe4
Rf6 35. Rxa6 Rxa6 36. Rxa6 Rxe6 37. Bd2 Kf7 38. Ra7+ Re7 39. Ra6 Ke6 40. b4 cxb4
41. Bxb4 Rd7 42. c5 Bf8 43. Rb6 Rc7 44. c6 Be7 45. Ba5 Rc8 46. Ra6 Bd8 47. Bxd8
Rxd8 48. Ra7 Rc8 49. Rxh7 Rxc6 50. f3 d5 51. exd5+ Kxd5 52. Rh4 Ke6 53. Re4 Kf6
54. Kf2 Rc2+ 55. Kg3 Kf5 56. Rb4 Rd2 57. Rb8 Kg5 58. Rb4 1/2-1/2

[Event "52nd Groningen Open"]
[Site "Groningen NED"]
[Date "2014.12.30"]
[Round "9.44"]
[White "Keetman, Maaike"]
[Black "Bar, Aviv"]
[Result "0-1"]
[WhiteElo "2074"]
[BlackElo "2142"]
[WhiteFideId "1033697"]
[BlackFideId "2806339"]
[EventDate "2014.12.21"]

1. e4 c5 2. Nf3 d6 3. d4 cxd4 4. Nxd4 Nf6 5. Nc3 a6 6. Be3 e5 7. Nb3 Be6 8. f3
h5 9. Qd2 Nbd7 10. Nd5 Bxd5 11. exd5 g6 12. Be2 Bg7 13. O-O O-O 14. c4 a5 15. a4
b6 16. Rfb1 Nc5 17. Nc1 e4 18. Bd4 Qe7 19. b4 axb4 20. Rxb4 exf3 21. Bxf3 Nfd7
22. Bxg7 Kxg7 23. Ne2 Rfe8 24. Nd4 Qe5 25. Nc2 Qf6 26. Qd4 Re5 27. Rf1 Qf5 28.
Qd1 Qg5 29. Qa1 Kg8 30. Kh1 Qd2 31. Qd1 Qc3 32. Be2 Rae8 33. Rf3 Qxc2 34. Qxc2
Rxe2 35. Qb1 Re1+ 36. Rf1 Rxb1 37. Rfxb1 Re4 38. Kg1 f5 39. Ra1 Kf7 40. Kf1 Kf6
41. a5 bxa5 42. Rxa5 Nd3 43. Rb1 Rxc4 44. Rd1 N7c5 45. Ke2 Re4+ 46. Kf3 g5 47.
h3 h4 48. g3 g4+ 49. hxg4 fxg4+ 50. Kg2 Re2+ 51. Kf1 Rf2+ 52. Kg1 h3 53. Ra8
Rg2+ 54. Kf1 Rxg3 55. Rh8 Ne4 56. Rh5 Nf4 57. Rh8 Rf3+ 58. Kg1 Ne2+ 59. Kh2 Rf2+
60. Kh1 N4g3# 0-1

[Event "52nd Groningen Open"]
[Site "Groningen NED"]
[Date "2014.12.30"]
[Round "9.45"]
[White "Benson, Oisin P."]
[Black "Al-Hajiri, Bader"]
[Result "0-1"]
[BlackTitle "CM"]
[WhiteElo "2010"]
[BlackElo "2139"]
[WhiteFideId "2501821"]
[BlackFideId "10300163"]
[EventDate "2014.12.21"]

1. d4 d5 2. c4 c6 3. Nf3 Nf6 4. g3 e6 5. Bg2 Nbd7 6. Qd3 Be7 7. O-O O-O 8. b3 b6
9. Ne5 Nxe5 10. dxe5 Nd7 11. Bb2 f6 12. exf6 Bxf6 13. Bxf6 Qxf6 14. Nd2 Ne5 15.
Qc2 Ba6 16. h3 Rad8 17. Rad1 c5 18. f4 Nc6 19. e4 Nb4 20. Qb1 Qc3 21. Kh2 dxc4
22. Nxc4 Bxc4 23. bxc4 Qxc4 24. a3 Nc2 25. Qc1 Qe2 26. Kh1 Ne3 27. Bf3 Qxf3+ 0-1

[Event "52nd Groningen Open"]
[Site "Groningen NED"]
[Date "2014.12.30"]
[Round "9.46"]
[White "Sandvik, Thomas"]
[Black "Rubingh, Otto"]
[Result "1/2-1/2"]
[BlackTitle "FM"]
[WhiteElo "2060"]
[BlackElo "2209"]
[WhiteFideId "503231"]
[BlackFideId "1002139"]
[EventDate "2014.12.21"]

1. e4 d5 2. exd5 Nf6 3. d4 Nxd5 4. Nf3 g6 5. c4 Nb6 6. c5 Nd5 7. Bc4 Bg7 8. Nc3
Nxc3 9. bxc3 O-O 10. O-O Nc6 11. Re1 Bg4 12. Rb1 e5 13. Rxb7 exd4 14. cxd4 Nxd4
15. Be2 Qc8 16. Rb4 Nxe2+ 17. Rxe2 Bxf3 18. gxf3 Qf5 19. Rc2 Rad8 20. Qe2 Rd5
21. Be3 Rfd8 22. Rb7 Rd1+ 23. Kg2 Be5 24. Rd2 R1xd2 25. Bxd2 Rd5 26. Bh6 Rd8 27.
Rxa7 g5 28. Qe4 Qxe4 29. fxe4 f6 30. h4 g4 31. Be3 Kf7 32. f4 gxf3+ 33. Kxf3 Rd1
34. a4 h5 35. a5 Ra1 36. a6 Ra3 37. Ke2 Ra2+ 38. Kd3 Ra3+ 39. Kd2 Ra2+ 40. Kd1
Ra3 41. Bd2 Ke6 42. Ra8 1/2-1/2

[Event "52nd Groningen Open"]
[Site "Groningen NED"]
[Date "2014.12.30"]
[Round "9.47"]
[White "Chen, Yibo"]
[Black "Zuiderweg, Edwin"]
[Result "1/2-1/2"]
[WhiteElo "2156"]
[BlackElo "2010"]
[WhiteFideId "8605815"]
[BlackFideId "1012207"]
[EventDate "2014.12.21"]

1. d4 Nf6 2. Nf3 e6 3. c4 c5 4. d5 exd5 5. cxd5 d6 6. Nc3 g6 7. Bg5 h6 8. Bh4
Bg7 9. e4 a6 10. a4 g5 11. Bg3 Nh5 12. Bd3 Nxg3 13. hxg3 Qa5 14. Qc2 b5 15. O-O
b4 16. Nd1 O-O 17. Ne3 Qd8 18. g4 Nd7 19. Nf5 Nf6 20. Nh2 Bxf5 21. gxf5 Nd7 22.
Ng4 h5 23. Ne3 g4 24. g3 Ne5 25. Be2 Qg5 26. Kg2 h4 27. gxh4 Qf4 28. Rg1 b3 29.
Qxb3 Qxe4+ 30. Kf1 Rfb8 31. Nxg4 Nxg4 32. Qg3 Rxb2 1/2-1/2

[Event "52nd Groningen Open"]
[Site "Groningen NED"]
[Date "2014.12.30"]
[Round "9.48"]
[White "Gelip, Ioana"]
[Black "Jarmany, John"]
[Result "1/2-1/2"]
[WhiteElo "2151"]
[BlackElo "2023"]
[WhiteFideId "1202260"]
[BlackFideId "415421"]
[EventDate "2014.12.21"]

1. e4 c6 2. Nc3 d5 3. Nf3 Bg4 4. h3 Bh5 5. exd5 cxd5 6. Bb5+ Nc6 7. g4 Bg6 8.
Ne5 Rc8 9. d4 e6 10. h4 f6 11. Nxg6 hxg6 12. Qd3 Kf7 13. Bxc6 Rxc6 14. Bd2 a6
15. O-O-O Bd6 16. f4 f5 17. h5 Ne7 18. hxg6+ Kxg6 19. Rhg1 Kf7 20. gxf5 Nxf5 21.
Nxd5 Bf8 22. Ne3 Qxd4 23. Qb3 Qb6 24. Nc4 Qxb3 25. Ne5+ Ke8 26. axb3 Rc8 27. Ng6
Rh2 28. Nxf8 Kxf8 29. Bb4+ Ke8 30. c3 Rc6 31. Rd3 Rf2 32. c4 Rxf4 33. Bc3 b5 34.
Bxg7 Nxg7 35. Rxg7 bxc4 36. Rc3 Rf1+ 37. Kd2 Rf2+ 38. Kc1 Rf1+ 39. Kd2 Rf2+ 40.
Kc1 Rf1+ 1/2-1/2

[Event "52nd Groningen Open"]
[Site "Groningen NED"]
[Date "2014.12.30"]
[Round "9.49"]
[White "Fluit, Johnny"]
[Black "Veltman, Anne"]
[Result "0-1"]
[WhiteElo "2081"]
[BlackElo "2012"]
[WhiteFideId "1016253"]
[BlackFideId "1026917"]
[EventDate "2014.12.21"]

1. d4 e6 2. c4 c5 3. d5 exd5 4. cxd5 d6 5. Nc3 g6 6. g3 Bg7 7. Bg2 Nd7 8. Nf3 f5
9. O-O Nh6 10. Bf4 Nf7 11. Qc2 O-O 12. h4 a6 13. a4 b6 14. Ng5 Nde5 15. Ne6 Qe7
16. Nxf8 Kxf8 17. Rfe1 Rb8 18. e4 b5 19. axb5 axb5 20. exf5 Bxf5 21. Be4 Nf3+
22. Bxf3 Bxc2 23. Rxe7 Kxe7 24. Ra7+ Kf8 25. Ne4 Bxe4 26. Bxe4 Bxb2 27. g4 Re8
28. f3 b4 29. Rd7 Bd4+ 30. Kf1 b3 31. Bxd6+ Nxd6 32. Rxd6 c4 33. h5 Rxe4 34.
fxe4 b2 0-1

[Event "52nd Groningen Open"]
[Site "Groningen NED"]
[Date "2014.12.30"]
[Round "9.50"]
[White "De Boer, Eelke"]
[Black "Gutkind, Kedem"]
[Result "1-0"]
[WhiteElo "1933"]
[BlackElo "2064"]
[WhiteFideId "1048120"]
[BlackFideId "1046519"]
[EventDate "2014.12.21"]

1. e4 e6 2. d4 d5 3. Nc3 Nf6 4. Bg5 Be7 5. e5 Nfd7 6. h4 a6 7. Qg4 Bxg5 8. hxg5
c5 9. g6 f5 10. Qf4 h6 11. Nf3 O-O 12. O-O-O Nc6 13. Ne2 Qe8 14. Rxh6 gxh6 15.
Qxh6 Qe7 16. Nf4 Qg7 17. Qg5 Qe7 18. Qh5 Nd8 19. Ng5 Nb8 20. Nh7 Qg7 21. Nf6+
Rxf6 22. exf6 Qxf6 23. Qh7+ Kf8 24. Nh5 1-0

[Event "52nd Groningen Open"]
[Site "Groningen NED"]
[Date "2014.12.30"]
[Round "9.51"]
[White "Patzenhauer, Max"]
[Black "Gieben, Stijn"]
[Result "0-1"]
[WhiteElo "2000"]
[BlackElo "2062"]
[WhiteFideId "24690554"]
[BlackFideId "1034170"]
[EventDate "2014.12.21"]

1. d4 d5 2. Nf3 Nf6 3. Bf4 c5 4. c3 Nc6 5. h3 Qb6 6. Qb3 c4 7. Qc2 Bf5 8. Qc1 h6
9. Nbd2 e6 10. Ne5 Be7 11. f3 Nh5 12. Be3 Ng3 13. Nxc6 Qxc6 14. Rg1 Bh4 15. Bf2
O-O 16. e3 Nxf1 17. Nxf1 Be7 18. g4 Bd3 19. Ng3 b5 20. a3 a5 21. Ne2 b4 22. Nf4
Bh7 23. axb4 axb4 24. Kf1 Rxa1 25. Qxa1 Ra8 26. Qc1 bxc3 27. bxc3 Ra2 28. Be1
Ba3 29. Qd1 Bc2 30. Qe2 Bd3 31. Nxd3 Rxe2 32. Kxe2 cxd3+ 33. Kxd3 Qc4+ 34. Kc2
Qe2+ 35. Kb3 Bc1 0-1

[Event "52nd Groningen Open"]
[Site "Groningen NED"]
[Date "2014.12.30"]
[Round "9.52"]
[White "Hertel, Johannes"]
[Black "Dirksen, Marieke"]
[Result "1/2-1/2"]
[WhiteElo "1984"]
[BlackElo "2002"]
[WhiteFideId "24694851"]
[BlackFideId "1032160"]
[EventDate "2014.12.21"]

1. d4 Nf6 2. c4 e6 3. g3 Bb4+ 4. Bd2 Qe7 5. Bg2 Bxd2+ 6. Qxd2 d6 7. Nc3 e5 8.
Nf3 O-O 9. O-O Nbd7 10. Rfd1 Re8 11. dxe5 Nxe5 12. b3 Nxf3+ 13. Bxf3 Rb8 14. Nd5
Nxd5 15. cxd5 Bh3 16. Rac1 b6 17. Rc4 Qd7 18. Rdc1 Rbc8 19. b4 Re7 20. Qc3 Qe8
21. Rc6 h6 22. e3 Bd7 23. Rc4 Bb5 24. Rg4 Re5 25. Kg2 f5 26. Rd4 g5 27. h4 g4
28. Bd1 c5 1/2-1/2

[Event "52nd Groningen Open"]
[Site "Groningen NED"]
[Date "2014.12.30"]
[Round "9.53"]
[White "Acikel, Mert"]
[Black "Bhattacharjee, Sourav"]
[Result "0-1"]
[WhiteElo "1917"]
[BlackElo "2029"]
[WhiteFideId "12956465"]
[BlackFideId "1048090"]
[EventDate "2014.12.21"]

1. e4 c5 2. Nf3 d6 3. d4 cxd4 4. Nxd4 Nf6 5. Nc3 a6 6. Be3 e5 7. Nb3 Be6 8. Qd2
Be7 9. f3 Nbd7 10. O-O-O O-O 11. g4 b5 12. h4 Nb6 13. Qh2 b4 14. Nb1 a5 15. g5
Nh5 16. f4 exf4 17. Bxf4 Nxf4 18. Qxf4 a4 19. Nd4 Bxa2 20. Nc6 Qc7 21. Nxb4 Bxb1
22. Kxb1 a3 23. Rd3 axb2 24. Kxb2 Nc4+ 25. Kb1 Qa5 26. c3 Qa1+ 27. Kc2 Qb2+ 28.
Kd1 Ra1+ 29. Qc1 Rxc1# 0-1